طارد الجن من مساكن الإنس / (رقم التسجيلة. 91488)
[ عرض عادي ]
| 000 -LEADER | |
|---|---|
| fixed length control field | 00543nam a22001817a 4500 |
| 005 - DATE AND TIME OF LATEST TRANSACTION | |
| control field | 20251108172915.0 |
| 008 - FIXED-LENGTH DATA ELEMENTS--GENERAL INFORMATION | |
| fixed length control field | 250721s2002 xx 000 0 ara d |
| 082 14 - DEWEY DECIMAL CLASSIFICATION NUMBER | |
| Classification number | ط/210.413343/شها |
| 100 1# - MAIN ENTRY--PERSONAL NAME | |
| Personal name | الشهاوي، مجدي محمد |
| 245 10 - TITLE STATEMENT | |
| Title | طارد الجن من مساكن الإنس / |
| 264 1# - PRODUCTION, PUBLICATION, DISTRIBUTION, MANUFACTURE, AND COPYRIGHT NOTICE | |
| Place of production, publication, distribution, manufacture | القاهرة : |
| Name of producer, publisher, distributor, manufacturer | مكتبة الصفا، |
| Date of production, publication, distribution, manufacture, or copyright notice | 2002. |
| 300 ## - PHYSICAL DESCRIPTION | |
| Extent | 112 ص |
| 650 17 - SUBJECT ADDED ENTRY--TOPICAL TERM | |
| Topical term or geographic name as entry element | القرآن الكريم |
| 650 17 - SUBJECT ADDED ENTRY--TOPICAL TERM | |
| Topical term or geographic name as entry element | الجن |
| 653 ## - INDEX TERM--UNCONTROLLED | |
| Uncontrolled term | ناشئون كبار (15-18سنة) |
| 942 ## - ADDED ENTRY ELEMENTS (KOHA) | |
| Source of classification or shelving scheme | Dewey Decimal Classification |
| Koha item type | كتب |
| حالة السحب | حالة الفقدان | مصدر التصنيف | حالة التلف | غير قابل للإعارة | المكتبة الرئيسية | المكتبة الحالية | موقع الرف | تاريخ التزويد | الرقم المتسلسل | Total Checkouts | رقم الإستدعاء | الباركود | تاريخ آخر ظهور | تاريخ الفاتورة | نوع المادة (كوها) |
|---|---|---|---|---|---|---|---|---|---|---|---|---|---|---|---|
| Dewey Decimal Classification | مكتبة الأميرة ايمان العامة | مكتبة الأميرة ايمان العامة | الإعارة | 05/11/2013 | 647124 | ط/210.413343/شها | PLD00285124 | 28/07/2025 | 05/11/2013 | كتب | |||||
| Dewey Decimal Classification | مكتبة الراية الهاشمية للأطفال | مكتبة الراية الهاشمية للأطفال | الأطفال | 28/07/2025 | 647128 | ط/210.413343/شها | 647128 | 28/07/2025 | 28/07/2025 | كتب | |||||
| Dewey Decimal Classification | مكتبة صويلح العامة | مكتبة صويلح العامة | الإعارة | 28/07/2025 | 647125 | ط/210.413343/شها | 647125 | 28/07/2025 | 28/07/2025 | كتب |